000 00283nam a22001337a 4500
008 170419b xxu||||| |||| 00| 0 eng d
020 _a9781581756913
041 _aeng
080 _a579
100 _a11
101 _aSHM
245 _aMICROBIOLOGY
_cBACHOON.D.S
942 _2udc
_cBK
999 _c11169
_d11169